Imogen Heap - Speak for Yourself - Statistics

General Stats
  • This quiz has been taken 7 times
  • The average score is 7 of 12
Answer Stats
# Song % Correct
1 Headlock
100%
2 Goodnight and Go
83%
6 Clear the Area
67%
7 Daylight Robbery
67%
8 The Walk
67%
3 Have You Got It in You?
50%
5 Hide and Seek
50%
9 Just for Now
50%
11 Closing In
33%
10 I Am in Love with You
33%
4 Loose Ends
33%
12 The Moment I Said It
33%
No matching quizzes found
Score Distribution
Percent of People with Each Score
Percentile by Number Answered
Your Score History
You have not taken this quiz